01471nam a2200301 i 4500003000900000005001700009008004100026040004600067041000800113082002700121092000700148099003600155100005300191245017900244264007000423300003100493336002200524337002400546338003300570504010800603546011600711650006900827856005700896905000700953942001900960999001700979952017300996EG-GICUC20260121101542.0251228s2004    ua ||||fr|||| 00| 0 ara d  a EG-GICUCbarac EG-GICUCd EG-GICUCerda0 aara04221a345.49bح س . ر04221  aLaw1 07	345.49 ح س . ر	 20040 aحسين عبد العال محمدeمؤلف.10aالرقابة الادارية بين علم الادارة والقانون الادارى :bدراسة تطبيقية مقارنة /cحسين عبد العال محمد. 1aالاسكندرية :bدار الفكر الجامعى،c2004.  a401 صفحة ؛ c24 سم.  2rda contentatext  2rda mediaaComputer  2rda carrieraOnline Resource  aيحتوي على ارجاعات ببليوجرافية
يحتوي على قائمة بالمراجع  aالنص أغلبه باللغة العربية بعض النصوص الإنجليزية والفرنسية14aالرقابة الإداريةxالقانون الاداري40uhttps://fll.law.cu.edu.eg/fulltext/bks/B07-01906.pdf  a75  2ddccBKe21n0  c52783d52783  00102ddc40718القانون الإداريaCUbLAW1d2025-12-28l0oLaw1 07	345.49 ح س . ر	 2004 0701906 C1pB07-01906r2025-12-28 11:44:00t1w2025-12-28yBK